000 00687cam a2200193 a 4500
999 _c3627
_d3627
020 _a9781576603536 (alk. paper)
020 _a1576603539 (alk. paper)
050 0 0 _aHG4513
_b.R95
100 1 _aRyland, Philip.
245 1 0 _aEssential investment :
_ban A-Z guide /
_cPhilip Ryland.
250 _a2nd ed.
260 _aNew York :
_bBloomberg Press,
_c2009.
300 _a276 p. :
_bill. ;
_c21 cm.
500 _aAt head of title: The economist.
505 0 _aStockmarket returns -- Stockmarket performances -- Government bond returns and inflation -- The world's leading equity markets, end-2008 -- Investment formulas.
650 0 _aInvestments
650 0 _aInvestments
942 _cBK